1059 1812 1888 1204 1264 1189 1738 1375 1254 1867 1283 1218 1828 1391 1229 1107 1973 1731 1330 1405 1062 1279 1188 1013 1275 1079 1003 1629 1744 1123 1812 1261 1151 1645 1928 1075 1645 1790 1008 1275 1683 1843 1653 1517 1491 1369 1872 1087 1624 1505 1782 1542 1935 1259 1134 1227 1891 1503 1541 1940 1661 1333 1940 1556 1152 1115 1641 1361 1989 1519 1155 1940 1816 1589 1463 1387 1837 1656 1141 1340 1273 1228 1111 1490 1210 1222 1755 1412 1605 1926 1529 1192 1033 1142 1061 1468 1937 1249 1286 BCNSPRNW ULIB Ver.6.0+V

เปลี่ยนเป็นภาษาไทย

Change to English
 แสดงรายละเอียดบรรณานุกรม
  กลับหน้าหลัก

Brief Record : Get Marc (ISO 2709) : E-mail record : QR code < ปิดหน้าต่าง
LEADER : 00000nam 2200000uu 4500
001    13399111137
003     ULIB
008    110616s2554||||th 000 0 tha d
020    9786161105846
060    WY16^bฟ361ส
100 0  ฟาริดา อิบราฮิม
245 10 สาระทางการพยาบาลเพื่อความรักและความภาคภูมิใจในวิชาชีพ /^cฟาริดา อิบราฮิม
250    พิมพ์ครั้งที่ 1
260    นนทบุรี :^bโครงการสวัสดิการวิชาการ สถาบันพระบรมราชชนก,^c2554
300    205 หน้า :^bภาพประกอบ ;^c27 ซม.
500    สนับสนุนงบประมาณ: ศูนย์อำนวยการบริหารจังหวัดชายแดนภาคใต้
650  7 การพยาบาล
650  7 พยาบาล^xวิชาชีพ
650  7  วิชาชีพพยาบาล
710 2  สถาบันพระบรมราชชนก. ^bโครงการสวัสดิการวิชาการ
945    ^p180^l0^i030162
995     เกษร
999 ^a ใช้งานได้ทุกระบบ
รายการนี้ยังไม่มีแท็ก
คุณยังไม่ได้ล็อกอิน คุณสามารถมีกิจกรรมร่วมกับเว็บไซต์ได้ แต่ต้องล็อกอินก่อน ::
  ล็อกอิน

รายการสื่อสารสนเทศ

ลำดับที่ ประเภท เลขเรียก/บาร์โค้ด สถานที่ สถานะ
1. วิทยาศาสตร์การแพทย์ และสุขภาพ
วิทยาศาสตร์การแพทย์ และสุขภาพ
WY16 ฟ361ส ฉ.1 
  Barcode: 030162
ห้องสมุดวิทยาเขตสวรรค์ประชารักษ์
►ส่วนจัดเก็บหนังสือเก่า สปร
บนชั้น
  ขอยืม

รายการใกล้เคียง
    ผู้แต่ง [ฟาริดา อิบราฮิม]

    หัวเรื่อง [การพยาบาล]
    หัวเรื่อง [วิชาชีพพยาบาล]

BibComment


ยังไม่เคยถูกคอมเมนท์

คอมเมนท์ทรัพยากรรายการนี้
  คอมเมนท์: สาระทางการพยาบาลเ..


 Copyright 2026. Bcnsprnw @Library